Cartilla para el manejo de los bosques naturales de Tarapacá (Registro nro. 6651)

Detalles MARC
000 -CABECERA
Campo de control 01174cam a2200289 a 4500
005 - FECHA Y HORA DE LA ULTIMA TRANSACCION
Campo de control 20160112063619.0
008 - ELEMENTOS DE LONGITUD FIJA—INFORMACION GENERAL
Campo de control 090814s2007 ck a r 100 0 spa d
020 ## - ISBN
ISBN 9789588317229
020 ## - ISBN
ISBN 9789588317236
040 ## - FUENTE DE CATALOGACIÓN
Agencia catalogadora original CO-BoPUJ
Agencia transcriptora CO-BoIAVH
Agencia Modificadora CO-BoIAVH
041 0# - IDIOMA
Código de idioma para texto/pista de sonido o título separado Español
044 ## - PAÍS DE PUBLICACIÓN
País de publicación Colombia
082 04 - NUMERO DE CLASIFICACION DECIMAL DEWEY
Número de clasificación 634.99
Número del ítem A74m
100 1# - ASIENTO PRINCIPAL--NOMBRE PERSONAL
Nombre personal Linares Prieto, Ricardo
9 (RLIN) 7353
245 10 - MENCION DE TITULO
Título Cartilla para el manejo de los bosques naturales de Tarapacá
246 10 - FORMA VARIANTE DEL TITULO
Título propiamente dicho/forma breve del título Proyecto manejo integral y sostenible de los Bosques de Tarapacá (Amazonas).
260 ## - PUBLICACION, DISTRIBUCION, ETC. (PIE DE IMPRENTA)
Lugar de publicación, distribución, etc. Bogotá :
Nombre del editor, distribuidor, etc. Instituto Amazónico de Investigaciones Científicas,
Fecha de publicación, distribución, etc. 2007.
300 ## - DESCRIPCION FISICA
Extensión 54 páginas :
Otros detalles físicos Ilustraciones ;
Dimensiones 30 x 22 cm.
504 ## - NOTA DE BIBLIOGRAFIA, ETC.
Nota de bibliografía Incluye referencias bibliográficas.
650 14 - ASIENTO SECUNDARIO DE MATERIA - TERMINO TEMATICO
Término temático o nombre geográfico como elemento de entrada Productos forestales no leñosos
Subdivisión geográfica Tarapaca (Amazonas)
9 (RLIN) 49648
650 24 - ASIENTO SECUNDARIO DE MATERIA - TERMINO TEMATICO
Término temático o nombre geográfico como elemento de entrada Productos forestales
Subdivisión geográfica Tarapaca (Amazonas)
9 (RLIN) 49649
650 24 - ASIENTO SECUNDARIO DE MATERIA - TERMINO TEMATICO
Término temático o nombre geográfico como elemento de entrada Selva lluviosa
Subdivisión geográfica Tarapaca (Amazonas)
9 (RLIN) 49650
650 24 - ASIENTO SECUNDARIO DE MATERIA - TERMINO TEMATICO
Término temático o nombre geográfico como elemento de entrada Administración forestal
9 (RLIN) 49651
700 1# - ASIENTO SECUNDARIO - NOMBRE PERSONAL
Nombre personal Venegas Villegas, Geoffrey
9 (RLIN) 16404
740 0# - ASIENTO SECUNDARIO - TITULOS RELACIONADOS /ANALITICOS NO CONTROLADOS
Título relacionado o analítico no controlado Manual de identificación, selección y evaluación de oferta de productos forestales no maderables
942 ## - ELEMENTOS ADICIONALES (KOHA)
Sistema de clasificación Dewey Decimal Classification
Tipo de ítem Libro
Existencias
Withdrawn status Lost status Sistema de Clasificación Damaged status No para préstamo Colección Ubicación Permanente Ubicación actual Fecha de adquisición Total Checkouts Número topográfico Inventario / Código de Barras Date last seen Date checked out Ejemplar Price effective from Forma de adquisición Tipo de material Inventariado Fuente de Valor Valor
    Dewey Decimal Classification     General Bogotá Bogotá 10/11/2008 1 LB-634.99 A74m 026556 30/08/2018 30/08/2018 Ej.1 04/12/2012   Libro      
    Dewey Decimal Classification     General Sala Fabio Quevedo Sala Fabio Quevedo 04/03/2016   LB-634.99 A74m 039856 04/03/2016   Ej. 2 04/03/2016   Libro Inventariado 2017 Instituto 39000.00